| 000 | 00532nam a22001937a 4500 | ||
|---|---|---|---|
| 003 | OSt | ||
| 005 | 20240514121917.0 | ||
| 008 | 240514b |||||||| |||| 00| 0 eng d | ||
| 020 | _a0521424984 | ||
| 040 | _cDDC | ||
| 082 |
_2Second Edition _a530.4 WOO 1994 |
||
| 100 | _4Delchar T.A, Woodruff D.P. | ||
| 245 | _aModern Techniques of Surface Science. | ||
| 260 |
_aUK, _bUniversity of Cambridge, _c1994. |
||
| 300 |
_axvii;586p, _bill, _c22.7cm. |
||
| 504 | _aReferences,indexes | ||
| 650 |
_aPhysics _9809 |
||
| 942 |
_2ddc _cO_SHELF |
||
| 999 |
_c8329 _d8329 |
||